01131nam a2200241Ia 4500001000700000008004100007020001800048082001900066245011700085250001100202260002300213300001100236440007600247500028600323503002000609504002200629650002000651650003000671650002800701650002100729650002600750700011300776Z_6126220601s9999 xx 000 0 und d a968-24-3634-6 a636.9 C66 1990 aConejos / A. Fernán Castellanos Echeverría; colaborador F. R. Kirchner Salinas; revisión Johan D. Berlijn. a2a ed. aMéxico : Trillas a112 p. aManuales para educación agropecuaria : área producción animal ; 2 aBasado en el trabajo de A. Fernán Castellanos Echeverría. La biblioteca cuenta con las reimpresiones: 2a reimpresión de 1994 y 9a reimpresión de 2003. Este manaual ha sido elaborado dentro de un proyecto de cooperación técnica internacional de la DGETA, SEP, FAO Y PNUD aej.1: - ej.2: ? aIncluye índice. a1. Cunicultura  aConejos - Alimentación  aConejos - Mejoramiento  aConejos - Razas  aConejos - Alojamiento aI.Castellanos Echeverría, A. Fernán \ II.Kirchner Salinas F. R., colab. \ III.Berlijn, Johan D., rev.Ì